| 000 | 03317cam a2200433 a 4500 | ||
|---|---|---|---|
| 001 | 10122725 | ||
| 003 | ARRUPE | ||
| 005 | 20161124113534.0 | ||
| 008 | 120726s2012 qucb b 001 0 eng | ||
| 020 | _a9780773540439 (bound) | ||
| 020 | _a0773540431 (bound) | ||
| 020 | _a9780773540446 (pbk.) | ||
| 020 | _a077354044X (pbk.) | ||
| 024 | _a40021592515 | ||
| 035 | _a(OCoLC)793221972 | ||
| 035 | _a(OCoLC)ocn793221972 | ||
| 035 | _a(NNC)10122725 | ||
| 040 |
_aNLC _beng _cNLC _dBTCTA _dYDXCP _dUKMGB _dOCLCO _dCDX _dBWX _dCUT _dMUU |
||
| 043 | _af-rh--- | ||
| 050 | 4 | _aDT2996.A52 2012 | |
| 100 | 1 |
_aAlao, Abiodun. _927542 |
|
| 245 | 1 | 0 |
_aMugabe and the politics of security in Zimbabwe / _cAbiodun Alao. |
| 260 |
_aMontreal : _bMcGill-Queen's University Press, _cc2012. |
||
| 300 |
_axviii, 293 p.; _c24 cm. |
||
| 504 | _aIncludes bibliographical references and index. | ||
| 505 | 0 | _aDetermining antecedents -- Zimbabwe's defence institutions: the politics of creation and intervention -- Mugabe and the politics of domestic security -- Contending with allies, rivals, and critics: Mugabe's security relations with Zimbabwe's immediate neighbours -- Mugabe and the politics of external military engagement -- Between East and West: Mugabe, Zimbabwe's security and non-African countries -- Mugabe, Zimbabwe's security, and international organizations. | |
| 520 | _a"In 1980, the newly independent and democratic Zimbabwe was a beacon of hope in a troubled region. Three decades later, Zimbabwe became the focus of international attention for very different reasons: acrimonious racial relations, controversial elections, economic hardship, and military intervention in the Democratic Republic of the Congo. Mugabe and the Politics of Security in Zimbabwe argues that this unfortunate transition is intrinsically linked to the ways in which President Robert Mugabe used the politics of domestic and external security for his own gain. Abiodun Alao presents a comprehensive study of defense institutions, domestic security policy, and external use of military force during Mugabe's decades of rule. He identifies the role of personality in security and explains how the machinations of a self-perpetuating ruler shaped the economic and political dynamics of the struggling nation. He also provides analytical perspectives on Mugabe's transformations from a freedom fighter to a stable president of a relatively economically strong, independent country, and finally to an imprudent autocrat and international pariah. Nuanced, impassioned, and timely, Mugabe and the Politics of Security in Zimbabwe sheds new light on the effects of national security policy and develops a clear picture of the country's past, present, and future."-- | ||
| 600 | 1 | 0 |
_aMugabe, Robert Gabriel, _d1924- _917726 |
| 600 | 1 | 6 |
_aMugabe, Robert Gabriel, _d1924- _917726 |
| 650 | 0 |
_aNational security _zZimbabwe _xHistory. _927543 |
|
| 650 | 6 |
_aSécurité nationale _zZimbabwe _xHistoire. _927544 |
|
| 651 | 0 |
_aZimbabwe _xForeign relations _y1980- _92465 |
|
| 651 | 0 |
_aZimbabwe _xPolitics and government _y1980- _927545 |
|
| 651 | 6 |
_aZimbabwe _xRelations extérieures _y1980- _927546 |
|
| 651 | 6 |
_aZimbabwe _xPolitique et gouvernement _y1980- _927547 |
|
| 942 |
_2lcc _cMONOGRAPH |
||
| 948 | 1 |
_a20130111 _bc _csl13 _dMPS |
|
| 999 |
_c125757 _d125757 |
||